Mikroekonomie : základní kurs /

Hlavní autor: Macáková, Libuše, 1955-
Jazyk: Čeština
Vydáno: Slaný : Melandrium, 2002
Vydání: Vyd. 7.
Témata:
Fyzický popis: 271 s. : il. ; 21 cm
Knihy
Uloženo v:
LEADER 01090nam a2200325 a 4500
001 000650170
003 CZ BrMZK
005 20231120095058.0
007 ta
008 030131s2002 xr a e p 000 0 cze d
015 |a cnb001285724 
020 |a 80-86175-20-0  |q (brož.) 
035 |a (OCoLC)56865419 
040 |a BOA001  |b cze 
072 7 |a 33  |x Ekonomie  |2 Konspekt  |9 4 
072 7 |a 37.016  |x Učební osnovy. Vyučovací předměty. Učebnice  |2 Konspekt  |9 22 
080 |a 330.101.542  |2 MRF 
080 |a (075.8)  |2 MRF 
100 1 |a Macáková, Libuše,  |d 1955-  |7 ola2003201035  |4 aut 
245 1 0 |a Mikroekonomie :  |b základní kurs /  |c Libuše Macáková a kolektiv 
250 |a Vyd. 7. 
260 |a Slaný :  |b Melandrium,  |c 2002 
300 |a 271 s. :  |b il. ;  |c 21 cm 
500 |a Terminologický slovník 
650 0 7 |a mikroekonomie  |7 ph115305  |2 czenas 
655 7 |a učebnice vysokých škol  |7 fd133772  |2 czenas 
910 |a BOA001  |b 2-1113.249 
990 |a BK 
991 |f 330.101.542 MAC 
996 6 |b 2610180546  |c 2-1113.249  |l MZK  |r Sklad / do 1 hodiny  |n 22  |p kup  |w 000650170  |u 000010  |a 1  |e BOA001  |j MZK50  |s P